George Sand - Statistiques

Statistiques générales
  • Ce quiz a été pris 27 fois
  • Le résultat moyen est 5 sur 10
Statistiques - réponses
Question Réponse % Correct
Quel est était sa vraie identité ? (Nom et prénom) Aurore Dupin
87%
Qui était son amant ? Alfred de Musset
70%
À quel mouvement littéraire appartient-elle ? Romantisme
65%
Quelle est son œuvre la plus connue, parue en 1846 ? La Mare au Diable
61%
Pour quel grand écrivain a-t-elle demandé la grâce à l'empereur Napoléon III ? Victor Hugo
61%
Quelle est sa ville natale ? Paris
57%
En quelle année est-elle née ? 1804
52%
En quelle année est-elle décédée ? 1876
48%
Quel grand maréchal de Louis XV était son arrière-grand-père ? Maurice de Saxe
17%
À quel journal célèbre, créé en 1826, a-t-elle été rédactrice pendant un temps ? Le Figaro
13%
Aucun quiz correspondant
Distribution des résultats
% des personnes avec chaque résultat
Percentile par nombre de réponses
Votre historique - résultats
Vous n’avez pas pris ce quiz